=LDR 00000nam 2200000 4500 =001 INLIS000000000041010 =005 20130612150550 =008 ***********************************Ind** =035 ##$$0010-061300000041010 =041 ##$$a Ind =082 ##$$a 492.7 =090 ##$$a 492.7, Faq m =100 ##$$a Faqih, H. Abdullah =245 ##$$a Muhadatsah arabiyyah yanniyah = percakapan bahasa arab sehari-hari, oleh H.Abdullah Faqih P =260 ##$$a 2007 $b Jakarta =300 ##$$a viii, 163 hlm, 20 cm =650 ##$$a Bahasa Arab =850 ##$$a NBPNMAT